00790nam a2200205Ia 4500008004100000020001500041082001500056100003000071245003100101250000800132260003300140300001200173500002400185650001500209942000700224952012800231952010400359952010400463999001700567230524s9999 xx 000 0 und d a8174464980 a658.3bBAT aDipak Kumar Bhattacharyya 0aHuman Resource Management  a2ND aNEW DELHIbExcel Booksc2008 aXIV;635 aQuantity Number: 3 aManagement cBK 00104070aTATCLbTATCLcGENd2023-05-24l1o658.3 BATp27286q2015-09-25r2024-02-01s2024-02-01w2023-05-24yBKzMBA3102 00104070aTATCLbTATCLcGENd2023-05-24l0o658.3 BATp27287r2023-05-24w2023-05-24yBKzMBA3102 00104070aTATCLbTATCLcGENd2023-05-24l0o658.3 BATp27288r2023-05-24w2023-05-24yBKzMBA3102 c41421d41421